As Naus de Verde Pinho (Registo nº 202003)
[ vista simples ]
| 000 -Etiqueta do registo | |
|---|---|
| Valores | 00908nam 22002413 4500 |
| 010 ## - Número ISBN | |
| ISBN | 978-972-20-5601-4 |
| 021 ## - Número do Depósito Legal | |
| Número | 415 954/16 |
| 100 ## - Dados gerais de processamento | |
| Dados gerais | 20260430d u||y0pory50 ba |
| 200 ## - Titulo e menção de responsabilidade | |
| Título próprio | As Naus de Verde Pinho |
| Título paralelo | Viagem de Bartolomeu Dias Contada à minha filha Joana |
| Primeira menção de responsabilidade | Manuel Alegre |
| Outras menções de responsabilidade | ilustrações de Afonso Alegre Duarte |
| Informação de outro título | Prémio de Literatura Infantil António Botto |
| 205 ## - Menção da edição | |
| Edição | 20ª |
| 210 ## - Publicação | |
| Local de publicação | Alfragide |
| Nome do editor | Publicações Dom Quixote |
| Data de publicação | 2023 |
| 215 ## - Descrição física | |
| Paginação / Volumes | [8], 8, [3] p. |
| Outras indicações físicas | cartonado |
| Dimensões | 21cm |
| 300 ## - Notas gerais | |
| Texto da nota | LER+ - Plano Nacional de Leitura<br/>Leitura Obrigatória<br/>Metas de Português 6º Ano |
| 606 ## - Nome comum usado como assunto | |
| ID Autoridade | 2285 |
| Palavra de ordem | Literatura Infantil e Juvenil Portuguesa |
| 610 ## - Termos não controlados | |
| Palavra de ordem | Poesia |
| 675 ## - CDU | |
| Notação | 821.134.3-93-1 |
| Edição | PT |
| Língua | por |
| 700 ## - Autor principal (pessoa individual) | |
| ID Autoridade | 1055 |
| Apelido | Alegre |
| Nome | Manuel |
| Datas | 1936- |
| 702 ## - Autor secundário (pessoa individual) | |
| ID Autoridade | 4807 |
| Apelido | Duarte |
| Nome | Afonso Alegre |
| Datas | 1976- |
| 801 ## - Fonte de origem | |
| País | PT |
| Agência | BMMN |
| Regras de catalogação | RPC |
| 830 ## - Notas gerais do catalogador | |
| Criado por | Ana Caetano |
| 990 ## - Elementos KOHA | |
| Tipo de documento | Livro |
| Situação do levantamento | Biblioteca de origem | Código de barras | Cota | Permissão de empréstimo | Tipo de documento | Forma de aquisição |
|---|---|---|---|---|---|---|
| Biblioteca Escola São João de Deus | 31414 | 821.134.3-93-1 ALE | Livro | Oferta | ||
| Biblioteca Escola São João de Deus | 31415 | 821.134.3-93-1 ALE | Livro | Oferta | ||
| Biblioteca Escola São João de Deus | 31416 | 821.134.3-93-1 ALE | Livro | Oferta |